| 000 | 00377nam a2200145 a 4500 | ||
|---|---|---|---|
| 005 | 20140412111423.0 | ||
| 008 | 080124s19uu xx 00 eng d | ||
| 020 | _a2-89393-775-6 | ||
| 050 |
_aER _bWi63po 1998 |
||
| 245 | _aPooh's Spring-Cleaning Mystery. | ||
| 260 |
_aChina : _bDisney Interprises, _c1998. |
||
| 300 | _aunp. | ||
| 440 | _aWinnie the Pooh | ||
| 999 |
_c106117 _d106117 |
||